000 01414nam0a22003011 4500
001 rc\4686409
005 20260407071829.0
021 _aRU
_bРг6713-59
035 _a(NLR Aleph) 008427199
090 _a9394343
_c9394343
100 _a20130416d1959 |||y0rusy50 ca
101 0 _arus
102 _aRU
105 _ay z |||||
200 1 _aМолодежные организации мира
_e(К VII Всемирному фестивалю молодежи и студентов)
_eМетодические материалы в помощь библиотекарю
_fМ-во культуры РСФСР. Гос. ордена Трудового Красного Знамени публичная б-ка им. М.Е. Салтыкова-Щедрина
210 _aЛенинград
_cБ. и.
_d1959
215 _a47 л.
_d29
300 _aНапеч. на ротаторе
300 _aНа обл. авт. не указан
300 _aТекст на одной стороне листа
700 1 _aПочепко
_bГ. П.
_f1929-2006
_gГалина Павловна
_9166404
_3RU\NLR\AUTH\770166451
712 0 2 _aПубличная библиотека им. М. Е. Салтыкова-Щедрина
_cЛенинград
_9272032
_3RU\NLR\AUTH\88594
801 0 _aRU
_bNLR
_gpsbo
801 1 _aRU
_bELAR
_2rusmarc
852 _aNLR
_jБ Б593.1/П653
942 _cBOOK
980 _aNB